000 00692nam a2200229Ia 4500
003 OSt
005 20220928104207.0
006 a|||||r|||| 00| 0
007 ta
008 220927b |||||||| |||| 00| 0 eng d
024 _a130469
037 _cReference Collections
040 _aSDCL
_cSDCL
_beng
041 _2eng
_aeng
082 _aD65120t3g, M0 RR
100 _aDumortier Dominique Co.
_9409554
245 0 _aDigital/analog and analog/digital conversion handbook.
260 _aSwitzerland
_bMotorola
_c1980
300 _a271p.
_ccm.
942 _hD65120t3g, M0 RR
_cREF
_2CC
999 _c725119
_d725119